<?xml version="1.0" encoding="UTF-8"?>
<record
    xmlns:xsi="http://www.w3.org/2001/XMLSchema-instance"
    xsi:schemaLocation="http://www.loc.gov/MARC21/slim http://www.loc.gov/standards/marcxml/schema/MARC21slim.xsd"
    xmlns="http://www.loc.gov/MARC21/slim">

  <leader>00450    a2200133   4500</leader>
  <controlfield tag="001">ART_62049</controlfield>
  <controlfield tag="005">20260410162055.0</controlfield>
  <controlfield tag="008">260409a                                 </controlfield>
  <datafield tag="245" ind1="1" ind2="0">
    <subfield code="a">Normas contables para la actividad agropecuaria: evoluci&#xF3;n y situaci&#xF3;n actual con la NUA</subfield>
  </datafield>
  <datafield tag="100" ind1="1" ind2=" ">
    <subfield code="a">Tonelli, Omar E.</subfield>
  </datafield>
  <datafield tag="700" ind1="1" ind2=" ">
    <subfield code="a">Simaro, Jorge D.</subfield>
  </datafield>
  <datafield tag="700" ind1="1" ind2=" ">
    <subfield code="a">Martinefski, Mar&#xED;a In&#xE9;s</subfield>
  </datafield>
  <datafield tag="773" ind1="0" ind2=" ">
    <subfield code="t">Consultor agropecuario</subfield>
    <subfield code="g">- N&#xBA; 70 (nov./dic. 2024)</subfield>
    <subfield code="w">REV56842</subfield>
  </datafield>
  <datafield tag="999" ind1=" " ind2=" ">
    <subfield code="c">36200</subfield>
    <subfield code="d">36200</subfield>
  </datafield>
</record>
